<?xml version='1.0' encoding='UTF-8'?>
  <record xmlns="http://www.loc.gov/MARC21/slim">
    <leader>00000cam a22000007i 4500</leader>
    <controlfield tag="001">ocm65742120</controlfield>
    <controlfield tag="003">OCoLC</controlfield>
    <controlfield tag="005">20241003002656.1</controlfield>
    <controlfield tag="008">900412s1580    be            000 0 dut d</controlfield>
    <datafield tag="040" ind1=" " ind2=" ">
      <subfield code="a">NLGGC</subfield>
      <subfield code="b">dut</subfield>
      <subfield code="e">fobidrtb</subfield>
      <subfield code="c">NLGGC</subfield>
      <subfield code="d">QGJ</subfield>
      <subfield code="d">OCLCA</subfield>
      <subfield code="d">OCLCO</subfield>
      <subfield code="d">OCLCL</subfield>
      <subfield code="d">OCLCQ</subfield>
    </datafield>
    <datafield tag="029" ind1="0" ind2=" ">
      <subfield code="a">NLGGC</subfield>
      <subfield code="b">082128766</subfield>
    </datafield>
    <datafield tag="035" ind1=" " ind2=" ">
      <subfield code="a">(OCoLC)65742120</subfield>
    </datafield>
    <datafield tag="041" ind1="1" ind2=" ">
      <subfield code="a">dut</subfield>
      <subfield code="h">lat</subfield>
      <subfield code="h">gre</subfield>
    </datafield>
    <datafield tag="100" ind1="1" ind2=" ">
      <subfield code="a">Josephus, Flavius,</subfield>
      <subfield code="d">ca. 37-ca. 100.</subfield>
      <subfield code="1">https://id.oclc.org/worldcat/entity/E39PBJxRwPRffm3YdB46W9hbVC</subfield>
    </datafield>
    <datafield tag="245" ind1="1" ind2="0">
      <subfield code="a">Flavij Josephi des vermaerden Joetschen hystoriescryvers Twintich boecken, vanden ouden geschiedenissen der Jodē, :</subfield>
      <subfield code="b">nemende zijn beghinsele van dat eerste schepsel der werelt, ende also ghecontinnueert tot dat tweelfste jaer van Nero den Keyser van Roome. Met een boeck, inhoudende die martelie der Machabeen seven ghebroederen. /</subfield>
      <subfield code="c">overgeset wten Griecxschen in Latine, en̄ ... nu eerst ouergheset in Duytsche, ..</subfield>
    </datafield>
    <datafield tag="246" ind1="3" ind2=" ">
      <subfield code="a">Twintich boecken, vanden ouden geschiedenissen der Joden</subfield>
    </datafield>
    <datafield tag="246" ind1="3" ind2=" ">
      <subfield code="a">Flavij Josephi ... twintich boecken</subfield>
    </datafield>
    <datafield tag="260" ind1=" " ind2=" ">
      <subfield code="a">Thantwerpen :</subfield>
      <subfield code="b">by Jasper Troyens,</subfield>
      <subfield code="c">1580.</subfield>
    </datafield>
    <datafield tag="300" ind1=" " ind2=" ">
      <subfield code="a">[4], CCV bl. ;</subfield>
      <subfield code="c">in-2.</subfield>
    </datafield>
    <datafield tag="336" ind1=" " ind2=" ">
      <subfield code="a">tekst</subfield>
      <subfield code="b">txt</subfield>
      <subfield code="2">rdacontent/dut</subfield>
    </datafield>
    <datafield tag="337" ind1=" " ind2=" ">
      <subfield code="a">zonder medium</subfield>
      <subfield code="b">n</subfield>
      <subfield code="2">rdamedia/dut</subfield>
    </datafield>
    <datafield tag="338" ind1=" " ind2=" ">
      <subfield code="a">band</subfield>
      <subfield code="b">nc</subfield>
      <subfield code="2">rdacarrier/dut</subfield>
    </datafield>
    <datafield tag="500" ind1=" " ind2=" ">
      <subfield code="a">Impressum: Thantwerpen by Jaspar Troyens, op de Catte veste inden tennen Pot. Anno M.CCCCC.LXXX.</subfield>
    </datafield>
    <datafield tag="500" ind1=" " ind2=" ">
      <subfield code="a">Colofon: Gheprint Thantwerpen, op die Catte veste inden Tennen pot. By my Jaspaer Troyens. Int jaer ons Heeeren M.CCCCC.ende LXXX.</subfield>
    </datafield>
    <datafield tag="500" ind1=" " ind2=" ">
      <subfield code="a">Vertaler is Nicolaus Van Winghe.</subfield>
    </datafield>
    <datafield tag="510" ind1="4" ind2=" ">
      <subfield code="a">Poortman,</subfield>
      <subfield code="c">2, 209/10</subfield>
    </datafield>
    <datafield tag="530" ind1=" " ind2=" ">
      <subfield code="a">Titel is geselecteerd voor digitalisering voor Centre Céramique in het kader van het Google Books-project.</subfield>
    </datafield>
    <datafield tag="700" ind1="1" ind2=" ">
      <subfield code="a">Winghe, Nicolaus von,</subfield>
      <subfield code="d">ca. 1495-1552.</subfield>
      <subfield code="1">https://id.oclc.org/worldcat/entity/E39PCjJtBRQp4PdVTKXPTtDQFX</subfield>
    </datafield>
    <datafield tag="710" ind1="0" ind2=" ">
      <subfield code="a">Troyen, Jasper (I, Antwerpen)</subfield>
      <subfield code="4">prt</subfield>
      <subfield code="0">(NL-LeOCL)07716203X</subfield>
    </datafield>
    <datafield tag="936" ind1=" " ind2=" ">
      <subfield code="a">BATCHLOAD</subfield>
    </datafield>
  </record>